Los censos de población como recurso empírico para el estudio de transformaciones en la estructura de clases Honduras: 1950-1974

Guardat en:
Dades bibliogràfiques
Autor principal: Cid, Rafael del
Format: Text
Publicat: TEgucigalpa: UNAH
Etiquetes: Afegir etiqueta
Sense etiquetes, Sigues el primer a etiquetar aquest registre!

MARC

LEADER 00000 a a2200000 04500
001 21048
003
040
090 |a 090900  
100 |a Cid, Rafael del  
245 |a Los censos de población como recurso empírico para el estudio de transformaciones en la estructura de clases Honduras: 1950-1974  
260 |a TEgucigalpa:   |b UNAH  
300 |a 26 p.  
999 |c 16403  |d 16403